00803nam a2200193 a 450000100100000000500170001000800410002704000250006808200160009311000320010924000170014124500530015826000600021130000230027150001170029404900090041195201720042099900170059200003273120200930065811.0100222s1920 dr 001 0 spa d aDO-SdBNPbspacBNPHU axxxxbR426l1 aRepública Dominicana944713a[Leyes etc.]10aLey de arancel de importación y exportación. aSanto Domingo :bImprenta de J. R. Vda García,c1920. a330 p. : ;c27 cm. aOrden ejecutiva No. 332, 25 septiembre de 1919, publicada en la Gaceta Oficial No. 3051, 1ero de octubre de 1919 aBNPD 0010718PDaPDbPDcCTd2011-07-25iLF1l0oxxxx R426lp32731-10r2020-06-25w2020-06-25yLFPDzPerteneció a la biblioteca personal de Martínez BoogZNo se presta c32222d32222